000 01201cam a2200241 4500
001 ABS66961
008 030903n2003 000 0 eng u
035 _a(Sirsi) u123477
100 _aWilson, D.
245 _aDoing good business
260 _c2003
490 _aManagement Today
_v August 2003, 54-55(2)
520 _aDefends the role of business and the private sector in general. Notes that chairman, directors and chief executives of companies are often unpopular as reflected by a recent MORI poll and in public opinion. Points out that the private sector generates profits that get put back into the economy and these benefit the whole society. Argues that business should be more effective in pointing out their advantages to the community but these efforts are often distorted by the actions of a few irresponsible ones. Suggests that corporate social responsibility should be more widely adopted.
590 _aABS
650 _aPRIVATE SECTOR
650 _aPUBLIC SECTOR
650 _aBUSINESS CONDUCT
650 _aCOMPANY DIRECTORS
650 _aCORPORATE SOCIAL RESPONSIBILITY
650 _aCOMMUNITY BUILDING
690 _aMANAGEMENT-BUSINESS MANAGEMENT
942 _n0
999 _c73336
_d73336